Strategic management : an integrated approach /

Бібліографічні деталі
Автор: Hill, Charles W. L.
Інші автори: Jones, Gareth R.
Формат: Книга
Мова:English
Опубліковано: Boston : Houghton Mifflin, c2007.
Редагування:7th ed.
Предмети:
Classic Catalogue: View this record in Classic Catalogue
LEADER 01222nam a2200301 a 4500
001 14132966
008 090511s2007 maua b 001 0 eng d
010 |a  2005935203 
020 |a 9780618731695 (instructor's copy) 
020 |a 0618731695 
020 |a 9780618641642 (student copy) 
020 |a 0618641645 
040 |a DLC  |c DLC 
082 0 0 |a 658.4/012  |2 22 
100 1 |a Hill, Charles W. L. 
245 1 0 |a Strategic management :  |b an integrated approach /  |c Charles W.L. Hill, Gareth R. Jones. 
250 |a 7th ed. 
260 |a Boston :  |b Houghton Mifflin,  |c c2007. 
300 |a 1 v. (various pagings) :  |b col. ill. ;  |c 26 cm. 
504 |a Includes bibliographical references and index. 
541 1 |e 00015595 
650 0 |a Management  |z United States  |v Case studies. 
650 0 |a Strategic planning  |z United States  |v Case studies. 
650 0 |a Business planning  |z United States  |v Case studies. 
700 1 |a Jones, Gareth R. 
852 4 |a Ayesha Abed Library   |j General Shelf. 
999 |c 1599  |d 1599 
952 |0 0  |1 0  |2 ddc  |4 0  |6 658_401200000000000_HIL_2007  |7 0  |9 1469  |a BRACUL  |b BRACUL  |c GEN  |d 2009-06-28  |g 0.00  |l 6  |m 33  |o 658.4012 HIL  |p 3010015595  |r 2024-06-12  |s 2024-02-14  |t 1  |w 2009-06-28  |y BK  |x No price found in the accession register.